000 00945nam a22003017a 4500
003 CHAP
005 20220329140433.0
008 971013s1948 r 00010 d
010 _a51926
011 _a52898
035 _a57048
040 _cCHAP
082 _a799
_bT71
100 0 0 _aTrippensee, Reuben Edwin.
_9115177
245 _aWildlife management upland game and general priciples
260 _aNew York :
_bMcGraw-Hill,
_c1948
300 _a379 p.
_b: ilus.
590 _aBATCH-UPD
_b10
_c20130110
_lUCH01
_h0539
590 _aBATCH-UPD
_b10
_c20130110
_lUCH01
_h2220
590 _aBATCH-UPD
_b10
_c20130410
_lUCH01
_h0220
590 _aBATCH-UPD
_b10
_c20130914
_lUCH01
_h0439
590 _aCONVERSION
_b10
_c20130109
_lUCH01
_h1328
650 1 4 _aAves de caza.
_98634
650 1 4 _aVida silvestre
_xConservación
_xE.U.A.
_9119169
901 _aBK
942 _cLIBRO
949 _a799 T71
_bBC
_cLIBRO
_d33724000268728
_eLIBRO
_h25691
_i57048
_si
999 _c51926
_d51926